An autobiography : the story of the Lord's dealings with Mrs. Amanda Smith, the colored evangelist : containing an account of her life work of faith, and her travels in America, England, Ireland, Scotland, India, and Africa, as an independent missionary /

Bibliographic Details
Main Author: Smith, Amanda, 1837-1915
Corporate Author: Harry Houdini Collection (Library of Congress)
Format: eBook
Language:English
Published: Chicago : Meyer & Brother, 1893.
Series:Black thought and culture.
Subjects:
Online Access:Connect to the full text of this electronic book

MARC

Tag First Indicator Second Indicator Subfields
LEADER 00000cam a22000003i 4500
001 in00002503321
005 20190327173424.0
006 m||||||||d||||||||
007 cr |n ---||a|a
008 750903s1893 iluacf s 000|0aeng d
010 |a  14013153  
035 |a (VaAlASP)ASPS00005112/bltc 
040 |a DLC  |c DLC  |d VaAlASP  |d UtOrBLW 
050 0 0 |a BV3785.S56  |b A3 1893eb 
100 1 |a Smith, Amanda,  |d 1837-1915. 
245 1 3 |a An autobiography :  |b the story of the Lord's dealings with Mrs. Amanda Smith, the colored evangelist : containing an account of her life work of faith, and her travels in America, England, Ireland, Scotland, India, and Africa, as an independent missionary /  |c with an introduction by Bishop Thoburn. 
246 1 8 |a Amanda Smith's own story 
246 3 0 |a Mrs. Amanda Smith, the colored evangelist 
264 1 |a Chicago :  |b Meyer & Brother,  |c 1893. 
300 |a 506 pages, 26 unnumbered leaves of plates :  |b illustrations, portraits ;  |c 21 cm. 
336 |a text  |b txt  |2 rdacontent 
337 |a computer  |b c  |2 rdamedia 
338 |a online resource  |b cr  |2 rdacarrier 
533 |a Electronic reproduction.  |b Alexandria, VA :  |c Alexander Street Press,  |d 2003.  |f (Black thought and culture).  |n Available via World Wide Web. 
500 |a Electronic resource. 
600 1 0 |a Smith, Amanda,  |d 1837-1915. 
650 0 |a African American evangelists  |v Biography. 
650 0 |a African American women  |v Biography. 
655 0 |a Electronic books. 
710 2 |a Harry Houdini Collection (Library of Congress)  |5 DLC 
776 1 |c Original  |w (DLC) 14013153 
830 0 |a Black thought and culture. 
856 4 0 |z Connect to the full text of this electronic book  |u http://proxy.library.tamu.edu/login?url=http://www.aspresolver.com/aspresolver.asp?BLTC;S5112  |t 0 
999 |a MARS 
999 f f |s ad7439b5-5440-3a83-980d-86b09f9ad8a2  |i ffae510b-ec91-3dcb-ac37-9813dbd36bde  |t 0 
952 f f |a Texas A&M University  |b College Station  |c Electronic Resources  |d Available Online  |t 0  |e BV3785.S56 A3 1893eb  |h Library of Congress classification 
998 f f |a BV3785.S56 A3 1893eb  |t 0  |l Available Online